| 000 | 01048nam a2200301Ia 4500 | ||
|---|---|---|---|
| 001 | 793359890 | ||
| 003 | OCoLC | ||
| 005 | 20210215200211.0 | ||
| 008 | 120509s2008 enka j 001 0 spa d | ||
| 020 | _a9781407565835 | ||
| 020 | _a1407565834 | ||
| 040 |
_aJTE _cJTE |
||
| 041 | 1 |
_aspa _heng |
|
| 092 | 0 |
_a599.75 _223 |
|
| 100 | 1 | _aAmos, Janine. | |
| 240 | 1 | 0 |
_aWild cats. _lSpanish. |
| 245 | 1 | 0 |
_aGatos salvajes / _c[escrito por Janine Amos ; traducido por Marina Bendersky]. |
| 260 |
_aBath, U.K. : _bParragon, _c2008. |
||
| 300 |
_a32 p. : _bcol. ill. ; _c23 cm. |
||
| 490 | 0 | _aLee y descubre. | |
| 500 | _aIncludes index. | ||
| 505 | 0 | _aQue es un gato salvaje? -- Tipos de gato salvaje -- Mundo salvaje -- Vida salvaje -- El leon -- A la caza -- El tigre -- Alejate! -- El leopardo -- El cuidado de los gatos salvajes -- Test -- Glosario -- Indice. | |
| 650 | 0 |
_aFelidae _vJuvenile literature. |
|
| 650 | 0 |
_aCats _vJuvenile literature. |
|
| 650 | 1 | _aSpanish language materials. | |
| 700 | 1 | _aBendersky, Marina. | |
| 942 |
_cBK _2ddc |
||
| 999 |
_c25248 _d25248 |
||